000 00726nam a2200229 a 4500
003 OSt
005 20130701133408.0
008 130701s1994 sz ||||| |||| 00| 0 spa d
020 _a92 4 320847 0
040 _cBiblioteca Medicina
041 _aspa
082 _aOMS IT 847
110 _aOrganizacion Mundial de la Salud
_91006
245 0 0 _aQuimioterapia de la lepra.
_bInforme de un Grupo de Estudio de la OMS
250 _a1° ed.
260 _aGinebra
_bOrganizacion Mundial de la Salud
_c1994
300 _a22 p.
440 0 0 _aInformes Tecnicos
_92462
653 _aLEPRA-QUIMIOTERAPIA
942 _2ddc
_cPH
999 _c1546
_d1546
952 _pH0065
_40
_00
_bBFM
_10
_oOMS IT 847
_d2013-07-01
_tEj. 1
_8NFIC
_70
_cCR
_2ddc
_yPH
_aBFM